Chris Columbus Filmography - Statistics

General Stats
  • This quiz has been taken 8 times
    4 since last reset
  • The average score is 39 of 83
Answer Stats
Type Year Name % Correct
Film Director 2002 Harry Potter and the Chamber of Secrets
100%
Film Production 2002 Harry Potter and the Chamber of Secrets
100%
Film Director 1990 Home Alone
100%
Film Director 1992 Home Alone 2: Lost in New York
100%
Film Cameo 1992 Home Alone 2: Lost in New York
100%
Film Director 1987 Adventures in Babysitting
67%
Film Director 1999 Bicentennial Man
67%
Film Production 1999 Bicentennial Man
67%
Film Production 2005 Fantastic Four
67%
Film Screenplay 1984 Gremlins
67%
Film Director 2001 Harry Potter and the Sorcerer's Stone
67%
Film Production 2001 Harry Potter and the Sorcerer's Stone
67%
Film Director 1993 Mrs. Doubtfire
67%
Film Director 1995 Nine Months
67%
Film Screenplay 1995 Nine Months
67%
Film Production 1995 Nine Months
67%
Film Director 1991 Only the Lonely
67%
Film Screenplay 1991 Only the Lonely
67%
Film Director 2015 Pixels
67%
Film Production 2015 Pixels
67%
Film Director 2005 Rent
67%
Film Production 2005 Rent
67%
Film Cameo 2005 Rent
67%
Film Director 1998 Stepmom
67%
Film Production 1998 Stepmom
67%
Film Production 2018 The Christmas Chronicles
67%
Film Director 2020 The Christmas Chronicles: Part Two
67%
Film Production 2020 The Christmas Chronicles: Part Two
67%
Film Screenplay 1985 The Goonies
67%
TV Show Production 2012 3
33%
Concert Film 2005 3-D Rocks
33%
TV Pilot 2012 Applebaum
33%
Film Screenplay 2004 Christmas with the Kranks
33%
Film Production 2004 Christmas with the Kranks
33%
Film Production 2023 Chupa
33%
Documentary Production 2021 Cusp
33%
Film Production 2024 Dìdi
33%
Film Production 2007 Fantastic Four: Rise of the Silver Surfer
33%
Short Film Production 2017 French Exchange
33%
TV Show Creator 1986 Galaxy High School
33%
TV Show Writer 1986 Galaxy High School
33%
Film Production TBA Gremlins 3
33%
Film Production 2004 Harry Potter and the Prisoner of Azkaban
33%
Film Director 1988 Heartbreak Hotel
33%
Film Screenplay 1988 Heartbreak Hotel
33%
Web Series Director TBA House of Secrets
33%
Web Series Writer TBA House of Secrets
33%
Web Series Production TBA House of Secrets
33%
Film Production 2017 I Kill Giants
33%
Film Director 2009 I Love You, Beth Cooper
33%
Film Production 2009 I Love You, Beth Cooper
33%
Film Production 2015 It Had to Be You
33%
Film Production 1996 Jingle All the Way
33%
Film Production 2014 Little Accidents
33%
Film Screenplay 1989 Little Nemo: Adventures in Slumberland
33%
Film Production 2015 Mediterranea
33%
Film Production 2017 Menashe
33%
Film Production 2001 Monkeybone
33%
Film Production 2006 Night at the Museum
33%
Film Production 2009 Night at the Museum: Battle of the Smithsonian
33%
Film Production 2022 Night at the Museum: Kahmunrah Rises Again
33%
Film Production 2014 Night at the Museum: Secret of the Tomb
33%
Film Production 2024 Nosferatu
33%
Film Production 2017 Patti Cake$
33%
Film Director 2010 Percy Jackson & the Olympians: The Lightning Thief
33%
Film Production 2010 Percy Jackson & the Olympians: The Lightning Thief
33%
Film Production 2013 Percy Jackson: Sea of Monsters
33%
Film Screenplay 1984 Reckless
33%
TV Show Production 2012 Scary Larry
33%
Film Production 2020 Scoob!
33%
Film Production 2016 Tallulah
33%
Documentary Production 2022 The Exiles
33%
Film Production 2011 The Help
33%
Film Production 2019 The Lighthouse
33%
Film Director 2025 The Thursday Murder Club
33%
Film Screenplay 2025 The Thursday Murder Club
33%
Film Production 2025 The Thursday Murder Club
33%
Film Production 2015 The Witch
33%
Film Production 2016 The Young Messiah
33%
Film Production 2026 Werwulf
33%
Film Production 2019 Yes, God, Yes
33%
Film Screenplay 1985 Young Sherlock Holmes
33%
Film Director TBA Miraculous
0%
No matching quizzes found
Score Distribution
Percent of People with Each Score
Percentile by Number Answered
Your Score History
You have not taken this quiz since the last reset